On This Day: January 2nd Quiz Stats

 Plays Quiz Updated Jan 2, 2018

Challenge
Share
Tweet
Embed
Score 0/7 Timer 03:00
1 Play Today
Question Answer Wrong Answers
Japanese forces capture this capital of the Philippines.
1942
Manila
91%
Jakarta
4.4%
Bangkok
1.7%
Seoul
1.2%
This future American president is sworn in as Governor of California.
1967
Ronald Reagan
89.9%
Jimmy Carter
4%
Gerald Ford
2.6%
Bill Clinton
1.6%
This Russian-American author and academic, known for his ‘Foundation’ series of science fiction books, is born.
1920
Isaac Asimov
77%
Arthur C. Clarke
6.9%
Ray Bradbury
7.1%
H. G. Wells
7.8%
The Battle of Stones River resumes in central ______ after a day's respite, resulting in a significant Union victory.
1863
Tennessee
76.7%
Florida
3.7%
New York
8.6%
Texas
10.9%
President Richard Nixon signs a bill lowering the maximum US speed limit to ______ MPH in order to conserve gasoline during an OPEC embargo.
1974
55
72.7%
60
9.7%
65
9.5%
70
6%
Space probe 'Stardust' successfully flies past the ______ 'Wild 2', collecting samples that are returned to Earth.
2004
Comet
70.9%
Planet
6.6%
Star
9.4%
Moon
10.7%
American statesman and diplomat John Hay announces the ______ Policy to promote trade with China.
1900
Open Door
68.6%
Free Trade
21.1%
Friendship
6.1%
Accessible Commerce
3.5%

Today's Daily Dose

You're not logged in!

Compare scores with friends on all Sporcle quizzes.
OR
Log In

You Might Also Like...

Show Comments

Extras

Top Quizzes Today


Score Distribution

Your Account Isn't Verified!

In order to create a playlist on Sporcle, you need to verify the email address you used during registration. Go to your Sporcle Settings to finish the process.

Report this User

Report this user for behavior that violates our Community Guidelines.

Details: